Random Friends Knowledge #10 - Statistics

General Stats
  • This quiz has been taken 149 times
  • The average score is 10 of 16
Answer Stats
Question Answer % Correct
Who used Phoebe's name to make adult movies? Ursula
87%
When arriving to Barbados, the couples are Monica and Chandler, Phoebe and David, and Joey and Charlie. What couples leave Barbados? Monica and Chandler
86%
What was Central Perk before it was a coffee shop? A bar
84%
Ross and Charlie
80%
Phoebe and Mike
79%
Rachel and Joey
77%
Where were Ross and Emily supposed to go on their honeymoon? Greece
73%
What band do Monica, Ross, and Chandler go see on Ross's birthday without the other three? Hootie & the Blowfish
68%
What company wanted Rachel to relocate to Paris at the end of season 10? Louis Vuitton
68%
Which of Rachel's boyfriends had a fear of farmyard birds? Joshua
58%
How big of a tip does the millionaire Pete Becker give Monica? 20 000 dollars
55%
What religious group does Monica pretend to be a part of when she interacts with the fake Monica who stole her identity? The Amish
49%
Where does Ross send Marcel when it becomes clear he can't keep the monkey? The San Diego Zoo
47%
What's the name of Chapter 1 in the one-woman show Chandler goes to see in season 9 while the others go to a party? My First Period
43%
Which network did Friends originally air on in USA? NBC
43%
Fill in this quote: "Well, Rachel wants to take _____ dance lessons. Which I think is a really stupid idea! It's dangerous, she's never gonna get what she wants, and who knows who she might end up hurting." Swing
38%
No matching quizzes found
Score Distribution
Percent of People with Each Score
Percentile by Number Answered
Your Score History
You have not taken this quiz